Pricing nature: cost-benefit analysis and environmental policy (Record no. 54442)

MARC details
000 -LEADER
fixed length control field 00809nam a2200205 a 4500
008 - FIXED-LENGTH DATA ELEMENTS--GENERAL INFORMATION
fixed length control field 101108s2009 ||||||||||||||||| || u
020 ## - INTERNATIONAL STANDARD BOOK NUMBER
International Standard Book Number 9781848444706
050 ## - LIBRARY OF CONGRESS CALL NUMBER
Classification number HC 79.E5 Han
100 ## - MAIN ENTRY--PERSONAL NAME
Personal name Barbier, Edward B
245 10 - TITLE STATEMENT
Title Pricing nature: cost-benefit analysis and environmental policy
Statement of responsibility, etc. Nick Hanley and Edward B. Barbier
260 ## - PUBLICATION, DISTRIBUTION, ETC.
Place of publication, distribution, etc. Cheltenham, UK:
Name of publisher, distributor, etc. Edward Elgar
Date of publication, distribution, etc. 2009
300 ## - PHYSICAL DESCRIPTION
Extent vi, 353p.: ill.
350 ## - PRICE (NR) (BK AM CF MU VM SE) [OBSOLETE]
Price 0.00
650 ## - SUBJECT ADDED ENTRY--TOPICAL TERM
Topical term or geographic name entry element ENVIROMENTAL POLICY--COST EFFECTIVENESS
650 ## - SUBJECT ADDED ENTRY--TOPICAL TERM
Topical term or geographic name entry element ENVIROMENTAL PROTECTION--COST EFFECTIVENESS
650 ## - SUBJECT ADDED ENTRY--TOPICAL TERM
Topical term or geographic name entry element ENVIRONMENT
650 #0 - SUBJECT ADDED ENTRY--TOPICAL TERM
Topical term or geographic name entry element ENVIROMENTAL ECONOMICS
700 ## - ADDED ENTRY--PERSONAL NAME
Personal name Hanley, Nick
995 ## - RECOMMENDATION 995 [LOCAL, UNIMARC FRANCE]
-- 0.00
-- CBU-MAIN LIBRARY (Kitwe)
-- 1
-- 0.00
-- 1
-- AVAILABLE
-- Dec 15, 2010
-- Main Library Open Access Collection
Holdings
Withdrawn status Lost status Source of classification or shelving scheme Damaged status Not for loan Home library Current library Shelving location Date acquired Total Checkouts Full call number Barcode Date last seen Price effective from Koha item type
          CBU-MAIN LIBRARY, KITWE. CBU-MAIN LIBRARY, KITWE.   11/30/2022   HC 79.E5 Han 742187 11/30/2022 11/30/2022 MONOGRAPH